Starting from scratch : a different kind of writer's manual /

Bibliographic Details
Main Author: Brown, Rita Mae
Format: Book
Language:English
Published: Toronto ; New York : Bantam Books, [1988]
Subjects:

MARC

Tag First Indicator Second Indicator Subfields
LEADER 00000cam a22000008a 4500
001 in00000028096
005 20151007055957.0
008 870826s1988 onc b 00010 eng
010 |a  87019535  
020 |a 0553052462 
035 |a (OCoLC)16682769 
035 |9 AAB9785AM 
040 |a DLC  |c DLC  |d TXA  |d UtOrBLW 
049 |a TXAM  |c 1 [A10937890]  |c 2 [A11710877] 
050 0 0 |a PS3552.R698  |b Z47 1988 
082 0 |a 813/.54  |2 19 
100 1 |a Brown, Rita Mae. 
245 1 0 |a Starting from scratch :  |b a different kind of writer's manual /  |c Rita Mae Brown. 
263 |a 8802 
264 1 |a Toronto ;  |a New York :  |b Bantam Books,  |c [1988] 
264 4 |c ©1988 
300 |a xi, 254 pages 
336 |a text  |b txt  |2 rdacontent 
337 |a unmediated  |b n  |2 rdamedia 
338 |a volume  |b nc  |2 rdacarrier 
504 |a Includes bibliographical references. 
500 |a Includes index. 
600 1 0 |a Brown, Rita Mae  |x Authorship. 
650 0 |a Authorship. 
999 |a MARS 
999 f f |s 5d60afaf-94cc-3482-967b-8454dba02350  |i df6ae7f0-c2e2-3e4a-986c-6ed0d6a5c23e  |t 0 
952 f f |p ric  |a Texas A&M University  |b Rellis Campus  |c Joint Library Facility  |d Remote Storage  |t 0  |e PS3552.R698 Z47 1988  |h Library of Congress classification  |i unmediated -- volume  |m A14810937890 
998 f f |a PS3552.R698 Z47 1988  |t 0  |l Remote Storage